The Worm Within (Record no. 209719)

MARC details
000 -LEADER
fixed length control field 00629nam a22001937a 4500
005 - DATE AND TIME OF LATEST TRANSACTION
control field 20250225120422.0
010 ## - LCCN (DPL NO)
LC control number ENG-143914
020 ## - INTERNATIONAL STANDARD BOOK NUMBER
International Standard Book Number 9789352070800
Terms of availability 900.00
035 ## - SYSTEM CONTROL NUMBER
System control number EN-127446
037 ## - SOURCE OF ACQUISITION
Source of stock number/acquisition DBAD/PUB
082 ## - DEWEY DECIMAL CLASSIFICATION NUMBER
Classification number 332.495462
100 ## - MAIN ENTRY--PERSONAL NAME
Personal name Basu Shantanu
245 ## - TITLE STATEMENT
Title The Worm Within
Statement of responsibility, etc Shantanu Basu
Remainder of title Corruption and Erosion of India 's Accountability Institutions
Medium English
260 ## - PUBLICATION, DISTRIBUTION, ETC. (IMPRINT)
Place of publication, distribution, etc New Delhi
Name of publisher, distributor, etc Authorspress
Date of publication, distribution, etc 2015
270 ## - ADDRESS
Address Q-2A Hauz Khas Enclave
City New Delhi
Postal code 110016
300 ## - PHYSICAL DESCRIPTION
Extent 382p
Dimensions 23cm(Hbk)
700 ## - ADDED ENTRY--PERSONAL NAME
Personal name Snorrason, Gylfi K.
9 (RLIN) 78655
942 ## - ADDED ENTRY ELEMENTS (KOHA)
Source of classification or shelving scheme Dewey Decimal Classification
Item type English Books
Classification part 363.60685
Call number suffix BAS
Holdings
Withdrawn status Lost status Not for loan Collection code Home library Current library Date acquired Source of acquisition Cost, normal purchase price Full call number Barcode Cost, replacement price Koha item type
      Non-fiction Central Library Central Library 25/02/2025 DBAD 900.00 363.60685 BAS EN-127446 900.00 English Books

© Delhi Public Library
Hit Counter
free hit counter